000 01191nam a22002415i 4500
001 154897
003 ES-MaACL
005 20230906205908.0
008 981001s1756 fr a |||| | fre d
040 _aCCPB | B
_bspa
_cCCPB | B
100 1 _aGuignes, Joseph de.
_9127615
245 1 0 _aHistoire Générales des huns, des turcs, des mogols, et des autres tartares occidentaux, &c. avant et depuis Jesus-Christ jusqu'a present ; précédée d'une introduction contenant des tables chronol. & historiques des princes qui ont regné dans l'Asie ... /
_cpar M. De Guignes ... ; tome premiere, partie premiere.
260 _aA Paris :
_bchez Desaint & Saillant,
_c1756.
300 _aCXVIII [i.e. CXVI], 472 [i.e. 468] p. :
_bil.. ;
_c4º.
597 _aSign.: a-o4, pp2, A-Z4, 2A-2Z4, 3A-3M, 3N2.
597 _aPort. con grab. xil.
597 _aErrores de pág. de p. LXIV pasa LXVII y de p. 392 pasa 397.
599 _aIlustraciones grab. xil.
650 4 _aHunos-
_xHistoria.
_9136249
650 4 _aMongoles-
_xHistoria.
_915168
650 4 _aTártaros-
_xHistoria.
_9136962
852 _aES-MaACL
_jR-1349-53
_z-- Enc. piel
_z-- Ex-libris de la Biblioteca Real
_xOlim: G-12055-9
999 _c154897
_d154897